[Event "Moscow Blondes-Brunettes m 13th"]
[Site "Moscow"]
[Date "2024.03.14"]
[Round "6.4"]
[White "Bogumil, Tatiana"]
[Black "Kovalevskaya, Ekaterina"]
[Result "0-1"]
[WhiteElo "2090"]
[BlackElo "2281"]
[PlyCount "85"]
[EventDate "2024.03.14"]
[EventType "schev (blitz)"]
[EventRounds "8"]
[EventCountry "RUS"]
[SourceTitle "CB13_2024"]
[SourceDate "2024.03.27"]
[SourceVersion "1"]
[SourceVersionDate "2024.03.27"]
[SourceQuality "1"]
[WhiteTeam "Brunettes"]
[BlackTeam "Blondes"]
[WhiteTeamCountry "RUS"]
[BlackTeamCountry "RUS"]

1. Nf3 c5 2. c4 Nc6 3. d4 cxd4 4. Nxd4 e5 5. Nc2 Nf6 6. Nc3 Be7 7. g3 0-0 8. Bg2 d6 9. 0-0 Be6 10. b3 Rc8 11. Bb2 Qd7 12. Re1 Rfd8 13. Ne3 Nd4 14. Ned5 Nxd5 15. Nxd5 Bxd5 16. Bxd5 Ne6 17. Bg2 b5 18. cxb5 Qxb5 19. Qd5 Qxd5 20. Bxd5 Rc2 21. Ba3 Nd4 22. Kf1 g6 23. e3 Nb5 24. Bb4 Nc3 25. Bxc3 Rxc3 26. Rac1 Rdc8 27. Bc4 Rxc1 28. Rxc1 d5 29. Ke2 dxc4 30. bxc4 Bc5 31. g4 Rb8 32. Rc2 Kg7 33. f4 exf4 34. exf4 Re8+ 35. Kf3 Re3+ 36. Kg2 Ra3 37. g5 h6 38. h4 hxg5 39. hxg5 f6 40. Rd2 fxg5 41. Re2 Kf7 42. Rd2 Be7 43. Rc2 0-1

[Event "Moscow Blondes-Brunettes m 13th"]
[Site "Moscow"]
[Date "2024.03.14"]
[Round "7.4"]
[White "Kovalevskaya, Ekaterina"]
[Black "Shubenkova, Veronika"]
[Result "1-0"]
[WhiteElo "2281"]
[BlackElo "2007"]
[PlyCount "67"]
[EventDate "2024.03.14"]
[EventType "schev (blitz)"]
[EventRounds "8"]
[EventCountry "RUS"]
[SourceTitle "CB13_2024"]
[SourceDate "2024.03.27"]
[SourceVersion "1"]
[SourceVersionDate "2024.03.27"]
[SourceQuality "1"]
[WhiteTeam "Blondes"]
[BlackTeam "Brunettes"]
[WhiteTeamCountry "RUS"]
[BlackTeamCountry "RUS"]

1. e4 e6 2. d4 d5 3. Nc3 Nf6 4. Bg5 Be7 5. e5 Nfd7 6. Bxe7 Qxe7 7. f4 a6 8. Nf3 c5 9. dxc5 Qxc5 10. Bd3 Nc6 11. Qd2 b5 12. Qf2 Qb4 13. 0-0 Qxb2 14. Ne2 g6 15. a4 Qb4 16. axb5 Ne7 17. Rfb1 Qc5 18. bxa6 0-0 19. Ned4 Qc3 20. Nb5 Qc5 21. a7 Nc6 22. Qxc5 Nxc5 23. Nfd4 Nxd4 24. Nxd4 Bd7 25. Bb5 Rfc8 26. Bxd7 Nxd7 27. Rb7 Nc5 28. Rb6 Nd7 29. Rd6 Nc5 30. Nb5 Ne4 31. Rd7 Nc5 32. Rc7 Ne4 33. Rxc8+ Rxc8 34. a8Q 1-0

[Event "Moscow Dokhoian Memorial Blitz"]
[Site "Moscow"]
[Date "2023.12.09"]
[Round "8"]
[White "Bodnaruk, Anastasia"]
[Black "Kovalevskaya, Ekaterina"]
[Result "1/2-1/2"]
[WhiteElo "2340"]
[BlackElo "2281"]
[PlyCount "59"]
[EventDate "2023.12.09"]
[EventType "tourn (blitz)"]
[EventRounds "11"]
[EventCountry "RUS"]
[EventCategory "5"]
[SourceTitle "CB50_2023"]
[SourceDate "2023.12.13"]
[SourceVersion "1"]
[SourceVersionDate "2023.12.13"]
[SourceQuality "1"]

1. e4 c5 2. Nc3 e6 3. Nf3 Nc6 4. Be2 d5 5. exd5 exd5 6. d4 Nf6 7. 0-0 Be7 8. dxc5 d4 9. Nb5 Bxc5 10. c3 dxc3 11. Bf4 0-0 12. bxc3 Bf5 13. Nd6 Bxd6 14. Bxd6 Re8 15. Bb5 Ne4 16. Bb4 Qb6 17. Nd4 Bg6 18. a4 Rad8 19. Bxc6 bxc6 20. a5 Qc7 21. Qa4 c5 22. Nb5 Qc6 23. Nxa7 Qxa4 24. Rxa4 cxb4 25. cxb4 Nd2 26. Rfa1 Nb3 27. Rf1 Nd2 28. Rfa1 Nb3 29. Rf1 Nd2 30. Rfa1 1/2-1/2

[Event "Moscow Dokhoian Memorial Blitz"]
[Site "Moscow"]
[Date "2023.12.09"]
[Round "10"]
[White "Garifullina, Leya"]
[Black "Kovalevskaya, Ekaterina"]
[Result "1/2-1/2"]
[WhiteElo "2423"]
[BlackElo "2281"]
[PlyCount "134"]
[EventDate "2023.12.09"]
[EventType "tourn (blitz)"]
[EventRounds "11"]
[EventCountry "RUS"]
[EventCategory "5"]
[SourceTitle "CB50_2023"]
[SourceDate "2023.12.13"]
[SourceVersion "1"]
[SourceVersionDate "2023.12.13"]
[SourceQuality "1"]

1. e4 c5 2. Nf3 e6 3. d4 cxd4 4. Nxd4 Nf6 5. Nc3 Nc6 6. a3 d5 7. exd5 Nxd5 8. Nxc6 bxc6 9. Ne4 Be7 10. c4 Nf6 11. Qxd8+ Kxd8 12. Ng5 Ke8 13. g3 c5 14. Bg2 Rb8 15. Rb1 Bb7 16. 0-0 Bxg2 17. Kxg2 h6 18. Nf3 Bd6 19. Be3 Ke7 20. h3 Rhc8 21. Rfc1 Nd7 22. Bd2 Ne5 23. Nxe5 Bxe5 24. b4 Bd4 25. b5 Rb7 26. a4 e5 27. a5 f5 28. a6 Rd7 29. Ba5 e4 30. b6 axb6 31. Rxb6 Ra8 32. Rcb1 Rda7 33. Rb7+ Ke6 34. R1b6+ Ke5 35. Rc6 f4 36. Bc7+ Kf5 37. Rxa7 Rxa7 38. Bxf4 g5 39. Bb8 Ra8 40. a7 h5 41. Rb6 g4 42. hxg4+ hxg4 43. Rb7 Be5 44. Bxe5 Kxe5 45. Rd7 Ke6 46. Rg7 Ke5 47. Kf1 Kd4 48. Ke2 Kxc4 49. Ke3 Kc3 50. Rc7 c4 51. Kxe4 Kb3 52. Kd4 Rd8+ 53. Ke3 Ra8 54. Rb7+ Kc2 55. Kf4 c3 56. Kxg4 Kd2 57. Rd7+ Ke2 58. Rc7 Kd2 59. f4 c2 60. f5 Rxa7 61. Rxc2+ Kxc2 62. f6 Kd3 63. Kf5 Ra5+ 64. Kg6 Ke4 65. f7 Ra8 66. g4 Kf4 67. Kg7 Kxg4 1/2-1/2

[Event "Moscow Dokhoian Memorial Blitz"]
[Site "Moscow"]
[Date "2023.12.09"]
[Round "5"]
[White "Gunina, Valentina"]
[Black "Kovalevskaya, Ekaterina"]
[Result "1-0"]
[WhiteElo "2437"]
[BlackElo "2281"]
[PlyCount "81"]
[EventDate "2023.12.09"]
[EventType "tourn (blitz)"]
[EventRounds "11"]
[EventCountry "RUS"]
[EventCategory "5"]
[SourceTitle "CB50_2023"]
[SourceDate "2023.12.13"]
[SourceVersion "1"]
[SourceVersionDate "2023.12.13"]
[SourceQuality "1"]

1. d4 d5 2. c4 e6 3. Nf3 c5 4. cxd5 exd5 5. g3 Nf6 6. Bg2 Be7 7. 0-0 0-0 8. Bg5 c4 9. b3 cxb3 10. Qxb3 Nc6 11. Nc3 Na5 12. Qc2 Be6 13. Ne5 Rc8 14. Qd3 Nc4 15. Rab1 b6 16. Rfd1 h6 17. Bf4 Ne8 18. e4 dxe4 19. Bxe4 Ned6 20. d5 Nxe5 21. Bxe5 Nxe4 22. Qxe4 Bd7 23. d6 Bf6 24. Nd5 Bxe5 25. Ne7+ Kh8 26. Nxc8 Qxc8 27. Qxe5 Qc6 28. Rbc1 Qa4 29. Qd4 Qb5 30. Re1 Kg8 31. h4 Qf5 32. Rc7 Be6 33. Rxa7 Bd5 34. Ra3 Bc6 35. Kh2 Bd7 36. g4 Qg6 37. f3 Qc2+ 38. Kg3 h5 39. g5 Qf5 40. Qf4 Qc5 41. Rae3 1-0

[Event "RUS-chT Rapid (Women)"]
[Site "Sochi"]
[Date "2023.10.19"]
[Round "6.1"]
[White "Kovalevskaya, Ekaterina"]
[Black "Zhapova, Yana"]
[Result "1/2-1/2"]
[WhiteElo "2281"]
[BlackElo "2110"]
[PlyCount "27"]
[EventDate "2023.10.18"]
[EventType "team-swiss (rapid)"]
[EventRounds "9"]
[EventCountry "RUS"]
[SourceTitle "Mega2024 Update 01"]
[Source "Chessbase"]
[SourceDate "2023.11.12"]
[SourceVersion "1"]
[SourceVersionDate "2023.11.12"]
[SourceQuality "1"]
[WhiteTeam "Moscow ShSM (W)"]
[BlackTeam "Novosibirsk Region (W)"]
[WhiteTeamCountry "RUS"]
[BlackTeamCountry "RUS"]

1. Nf3 d5 2. g3 Bg4 3. Bg2 c6 4. 0-0 Nd7 5. d3 Ngf6 6. Nbd2 e5 7. e4 Bd6 8. h3 Bh5 9. exd5 Nxd5 10. Nc4 Bc7 11. Re1 Bxf3 12. Qxf3 0-0 13. Ne3 Nxe3 14. Bxe3 1/2-1/2

[Event "RUS-chT Rapid (Women)"]
[Site "Sochi"]
[Date "2023.10.18"]
[Round "2.17"]
[White "Kovalevskaya, Ekaterina"]
[Black "Petrukhina, Olga"]
[Result "1/2-1/2"]
[WhiteElo "2281"]
[BlackElo "2100"]
[PlyCount "77"]
[EventDate "2023.10.18"]
[EventType "team-swiss (rapid)"]
[EventRounds "9"]
[EventCountry "RUS"]
[SourceTitle "Mega2024 Update 01"]
[Source "Chessbase"]
[SourceDate "2023.11.12"]
[SourceVersion "1"]
[SourceVersionDate "2023.11.12"]
[SourceQuality "1"]
[WhiteTeam "Moscow ShSM (W)"]
[BlackTeam "Bashkortostan (W)"]
[WhiteTeamCountry "RUS"]
[BlackTeamCountry "RUS"]

1. Nf3 Nf6 2. g3 d5 3. Bg2 e6 4. 0-0 Be7 5. c4 0-0 6. b3 d4 7. Bb2 c5 8. b4 Nc6 9. b5 Na5 10. d3 Qc7 11. Nbd2 Rb8 12. e4 b6 13. Qe2 a6 14. a4 axb5 15. axb5 e5 16. h3 Bd7 17. Nh4 g6 18. Ndf3 Rfe8 19. Ra3 Bf8 20. Bc1 Bg7 21. Bd2 Nb7 22. Ra7 Ra8 23. Rfa1 Rxa7 24. Rxa7 Qb8 25. Ra6 Nd6 26. Nh2 Nh5 27. Ng4 Qb7 28. Nh6+ Kf8 29. N6f5 gxf5 30. exf5 e4 31. Qxh5 Ra8 32. Bh6 Rxa6 33. bxa6 Qxa6 34. Bxg7+ Kxg7 35. Qg5+ Kf8 36. Qd8+ Ne8 37. Qxd7 Qa1+ 38. Kh2 exd3 39. Bd5 1/2-1/2

[Event "RUS-chT Rapid (Women)"]
[Site "Sochi"]
[Date "2023.10.18"]
[Round "1.1"]
[White "Styazhkina, Anna"]
[Black "Kovalevskaya, Ekaterina"]
[Result "1-0"]
[WhiteElo "2194"]
[BlackElo "2281"]
[PlyCount "127"]
[EventDate "2023.10.18"]
[EventType "team-swiss (rapid)"]
[EventRounds "9"]
[EventCountry "RUS"]
[SourceTitle "Mega2024 Update 01"]
[Source "Chessbase"]
[SourceDate "2023.11.12"]
[SourceVersion "1"]
[SourceVersionDate "2023.11.12"]
[SourceQuality "1"]
[WhiteTeam "St Petersburg SShOR (W) II"]
[BlackTeam "Moscow ShSM (W)"]
[WhiteTeamCountry "RUS"]
[BlackTeamCountry "RUS"]

1. e4 c5 2. Nf3 e6 3. d4 cxd4 4. Bg5 Qa5+ 5. c3 Nc6 6. Be2 Nf6 7. Bxf6 gxf6 8. 0-0 d3 9. Qxd3 Ne5 10. Nxe5 Qxe5 11. Nd2 Qc7 12. Rad1 b6 13. Bf3 Bb7 14. Rfe1 0-0-0 15. Nb3 Rg8 16. a4 a6 17. Nd4 Kb8 18. g3 Bc5 19. b4 Bd6 20. Nb3 Be5 21. c4 h5 22. Bg2 h4 23. c5 hxg3 24. hxg3 f5 25. cxb6 Qxb6 26. Nc5 d6 27. Nxb7 Rxg3 28. Nxd8 Rxd3 29. Rxd3 Qxd8 30. exf5 exf5 31. Rxe5 Qb6 32. Re8+ Kc7 33. Rc3+ Kd7 34. Rcc8 d5 35. Bxd5 Qxb4 36. Bc6+ Kd6 37. Red8+ Ke7 38. Rd7+ Kf6 39. Bd5 Qg4+ 40. Bg2 Qxa4 41. Rc6+ Kg5 42. Rd8 a5 43. Rg8+ Kf4 44. Rc1 Qd4 45. Rgc8 Kg5 46. R8c4 Qb2 47. Rc5 a4 48. R5c2 Qd4 49. Ra2 f4 50. Rca1 Qf6 51. Rxa4 Qc3 52. Ra5+ f5 53. Be4 Kh4 54. Bxf5 Qg7+ 55. Kf1 Qb7 56. R1a4 Qf3 57. Ra3 Qd1+ 58. Kg2 Qd2 59. Be4 f3+ 60. Rxf3 Qxa5 61. Rf4+ Kg5 62. Rf5+ Qxf5 63. Bxf5 Kxf5 64. Kf3 1-0

[Event "RUS-chT Rapid (Women)"]
[Site "Sochi"]
[Date "2023.10.18"]
[Round "3.9"]
[White "Zakurdjaeva, Irina"]
[Black "Kovalevskaya, Ekaterina"]
[Result "1/2-1/2"]
[WhiteElo "2175"]
[BlackElo "2281"]
[PlyCount "56"]
[EventDate "2023.10.18"]
[EventType "team-swiss (rapid)"]
[EventRounds "9"]
[EventCountry "RUS"]
[SourceTitle "Mega2024 Update 01"]
[Source "Chessbase"]
[SourceDate "2023.11.12"]
[SourceVersion "1"]
[SourceVersionDate "2023.11.12"]
[SourceQuality "1"]
[WhiteTeam "Moscow Botvinnik School (W)"]
[BlackTeam "Moscow ShSM (W)"]
[WhiteTeamCountry "RUS"]
[BlackTeamCountry "RUS"]

1. e4 c5 2. Nf3 e6 3. c3 d5 4. exd5 exd5 5. d4 Nf6 6. Bd3 Be7 7. 0-0 0-0 8. Bf4 Nc6 9. dxc5 Bxc5 10. Nbd2 Bg4 11. Nb3 Bb6 12. Bc2 Ne4 13. Qd3 Bf5 14. Nfd4 Bg6 15. Rad1 Nxf2 16. Qd2 Nxd1 17. Bxd1 Re8 18. Bf3 Ne5 19. Bxe5 Rxe5 20. Kh1 Qe7 21. Rd1 Re8 22. Kg1 Re1+ 23. Rxe1 Qxe1+ 24. Qxe1 Rxe1+ 25. Kf2 Rb1 26. Bxd5 Rxb2+ 27. Kf3 Rxa2 28. Bxb7 Ra3 1/2-1/2

[Event "RUS-ch Rapid (Women)"]
[Site "Sochi"]
[Date "2023.10.16"]
[Round "7"]
[White "Badelka, Olga"]
[Black "Kovalevskaya, Ekaterina"]
[Result "1-0"]
[WhiteElo "2386"]
[BlackElo "2281"]
[PlyCount "72"]
[EventDate "2023.10.15"]
[EventType "swiss (rapid)"]
[EventRounds "11"]
[EventCountry "RUS"]
[SourceTitle "Mega2024 Update 01"]
[Source "Chessbase"]
[SourceDate "2023.11.12"]
[SourceVersion "1"]
[SourceVersionDate "2023.11.12"]
[SourceQuality "1"]

1. e4 c5 2. Nf3 Nc6 3. Bb5 g6 4. 0-0 Bg7 5. Re1 e5 6. Bxc6 dxc6 7. d3 Bg4 8. a4 a5 9. h3 Bxf3 10. Qxf3 Ne7 11. Bg5 0-0 12. Bxe7 Qxe7 13. Na3 f5 14. g3 Qd7 15. Kg2 Rf7 16. Re2 Raf8 17. Nc4 Qc7 18. exf5 Rxf5 19. Qe4 Qd8 20. Rf1 Qg5 21. Nd6 Rf3 22. Qc4+ Kh8 23. Ne4 Qh5 24. Rfe1 b6 25. Qe6 R3f7 26. Qxc6 Qf3+ 27. Kg1 Qf5 28. h4 Bh6 29. Nd6 Qh3 30. Nxf7+ Rxf7 31. Qg2 Qd7 32. Rxe5 Rf8 33. Re7 Qd4 34. c3 Qxd3 35. Re8 Qd7 36. Qe4 Qxa4 1-0

[Event "RUS-ch Rapid (Women)"]
[Site "Sochi"]
[Date "2023.10.16"]
[Round "11"]
[White "Goltseva, Ekaterina"]
[Black "Kovalevskaya, Ekaterina"]
[Result "1/2-1/2"]
[WhiteElo "2338"]
[BlackElo "2281"]
[PlyCount "38"]
[EventDate "2023.10.15"]
[EventType "swiss (rapid)"]
[EventRounds "11"]
[EventCountry "RUS"]
[SourceTitle "Mega2024 Update 01"]
[Source "Chessbase"]
[SourceDate "2023.11.12"]
[SourceVersion "1"]
[SourceVersionDate "2023.11.12"]
[SourceQuality "1"]

1. d4 Nf6 2. c4 c5 3. d5 b5 4. cxb5 a6 5. bxa6 e6 6. dxe6 fxe6 7. Nc3 d5 8. e4 d4 9. Nb5 Nxa6 10. e5 Nd5 11. Na3 Nab4 12. Bc4 Be7 13. Ne2 0-0 14. 0-0 Qb6 15. Ng3 Ba6 16. Qg4 Rf7 17. b3 Qc6 18. Nh5 Kh8 19. Bd2 Nd3 1/2-1/2

[Event "RUS-ch Rapid (Women)"]
[Site "Sochi"]
[Date "2023.10.16"]
[Round "6"]
[White "Kovalevskaya, Ekaterina"]
[Black "Charochkina, Daria"]
[Result "1-0"]
[WhiteElo "2281"]
[BlackElo "2301"]
[PlyCount "51"]
[EventDate "2023.10.15"]
[EventType "swiss (rapid)"]
[EventRounds "11"]
[EventCountry "RUS"]
[SourceTitle "Mega2024 Update 01"]
[Source "Chessbase"]
[SourceDate "2023.11.12"]
[SourceVersion "1"]
[SourceVersionDate "2023.11.12"]
[SourceQuality "1"]

1. e4 c5 2. Nf3 Nc6 3. Bb5 g6 4. 0-0 Bg7 5. Bxc6 bxc6 6. Re1 Nh6 7. c3 0-0 8. h3 f5 9. e5 Nf7 10. d4 cxd4 11. cxd4 Bb7 12. Nc3 c5 13. d5 e6 14. Be3 Rc8 15. Qd2 Qa5 16. Rad1 Rfe8 17. Ng5 Nxe5 18. dxe6 dxe6 19. Bf4 Rcd8 20. Qe2 Rxd1 21. Rxd1 Ba6 22. Qe3 Nc4 23. Qf3 Qb6 24. Rd7 Qxb2 25. Qc6 Qxc3 26. Rxg7+ 1-0

[Event "RUS-ch Rapid (Women)"]
[Site "Sochi"]
[Date "2023.10.15"]
[Round "2"]
[White "Kovalevskaya, Ekaterina"]
[Black "Markelova, Lubov"]
[Result "1-0"]
[WhiteElo "2281"]
[BlackElo "2113"]
[PlyCount "65"]
[EventDate "2023.10.15"]
[EventType "swiss (rapid)"]
[EventRounds "11"]
[EventCountry "RUS"]
[SourceTitle "Mega2024 Update 01"]
[Source "Chessbase"]
[SourceDate "2023.11.12"]
[SourceVersion "1"]
[SourceVersionDate "2023.11.12"]
[SourceQuality "1"]

1. e4 c5 2. Nf3 d6 3. Bb5+ Bd7 4. Bxd7+ Qxd7 5. 0-0 Nf6 6. e5 dxe5 7. Nxe5 Qc7 8. d4 e6 9. Bf4 Bd6 10. Na3 Qe7 11. Nb5 Nd5 12. Bg3 Bxe5 13. Bxe5 Nc6 14. Bd6 Qd7 15. dxc5 0-0-0 16. c4 Ndb4 17. a3 Na6 18. b4 Nc7 19. Bxc7 Qxd1 20. Raxd1 Rxd1 21. Rxd1 a6 22. Bd6 axb5 23. cxb5 Nb8 24. Bxb8 Kxb8 25. Rd7 Rf8 26. g3 h5 27. a4 g5 28. a5 Kc8 29. c6 f5 30. a6 bxa6 31. bxa6 Kb8 32. b5 Rc8 33. b6 1-0

[Event "RUS-ch Rapid (Women)"]
[Site "Sochi"]
[Date "2023.10.15"]
[Round "1"]
[White "Martynova, Anastasiya"]
[Black "Kovalevskaya, Ekaterina"]
[Result "0-1"]
[WhiteElo "1860"]
[BlackElo "2281"]
[PlyCount "72"]
[EventDate "2023.10.15"]
[EventType "swiss (rapid)"]
[EventRounds "11"]
[EventCountry "RUS"]
[SourceTitle "Mega2024 Update 01"]
[Source "Chessbase"]
[SourceDate "2023.11.12"]
[SourceVersion "1"]
[SourceVersionDate "2023.11.12"]
[SourceQuality "1"]

1. d4 Nf6 2. c4 d6 3. Nc3 e5 4. d5 Nbd7 5. Nf3 Be7 6. g3 0-0 7. Bg2 a5 8. 0-0 Nc5 9. Qc2 Ne8 10. b3 Bd7 11. a3 a4 12. b4 Nb3 13. Rb1 Nxc1 14. Rfxc1 f5 15. e4 f4 16. c5 Bg4 17. cxd6 cxd6 18. Qd3 Qd7 19. b5 Bd8 20. Rb4 Bb6 21. Nxa4 Rxa4 22. Rxa4 fxg3 23. hxg3 Bxf3 24. Bxf3 Qh3 25. Ra8 Qxg3+ 26. Kh1 Qh4+ 27. Kg2 Qxf2+ 28. Kh1 Qh4+ 29. Kg2 Qg5+ 30. Kh3 Qxc1 31. Bd1 Qh6+ 32. Kg3 Be3 33. Qe2 Bf4+ 34. Kf2 Qh2+ 35. Ke1 Qg1+ 36. Qf1 Bg3+ 0-1

[Event "Moscow (Women) op 19th"]
[Site "Moscow"]
[Date "2023.07.18"]
[Round "2"]
[White "Kovalevskaya, Ekaterina"]
[Black "Vasiljeva, Anna"]
[Result "1-0"]
[WhiteElo "2335"]
[BlackElo "1872"]
[PlyCount "129"]
[EventDate "2023.07.17"]
[EventType "swiss"]
[EventRounds "9"]
[EventCountry "RUS"]
[SourceTitle "CBM 215 Extra"]
[Source "ChessBase"]
[SourceDate "2023.09.30"]
[SourceVersion "1"]
[SourceVersionDate "2023.09.30"]
[SourceQuality "1"]

1. e4 c5 2. Nf3 d6 3. c3 Nf6 4. Be2 Nbd7 5. Qc2 e6 6. 0-0 Be7 7. d4 a6 8. Rd1 Qc7 9. d5 exd5 10. exd5 b5 11. a4 Bb7 12. axb5 axb5 13. Rxa8+ Bxa8 14. Na3 Bxd5 15. Nxb5 Qc6 16. c4 Be6 17. Bf4 0-0 18. Bxd6 Bxd6 19. Rxd6 Qe4 20. Qxe4 Nxe4 21. Ra6 h6 22. h3 Rd8 23. Nc7 Rb8 24. Nxe6 fxe6 25. Rxe6 Nef6 26. Ne5 Rxb2 27. Nxd7 Nxd7 28. Bg4 Nf6 29. Re5 Rb1+ 30. Kh2 Rb2 31. f3 Kf7 32. Rxc5 Nxg4+ 33. hxg4 Kg6 34. Kh3 Rc2 35. Rc6+ Kh7 36. Kg3 g5 37. Rc8 Kg7 38. c5 Kf7 39. c6 Ke7 40. c7 Kd7 41. Rh8 Kxc7 42. Rxh6 Kd7 43. Rf6 Rc8 44. Rf5 Rg8 45. Re5 Kd6 46. Re3 Rf8 47. Kf2 Ra8 48. Re2 Kd5 49. Kg3 Kd6 50. Re4 Kd5 51. Re7 Rg8 52. f4 gxf4+ 53. Kxf4 Rf8+ 54. Kg5 Rg8+ 55. Kf5 Rf8+ 56. Kg6 Rf2 57. g5 Rxg2 58. Kh6 Kd6 59. Re1 Rg3 60. g6 Rg2 61. g7 Rh2+ 62. Kg6 Rg2+ 63. Kf7 Rf2+ 64. Kg8 Kd7 65. Rh1 1-0

[Event "RUS-chT Rapid (Women)"]
[Site "Sochi"]
[Date "2022.10.18"]
[Round "5.2"]
[White "Gunina, Valentina"]
[Black "Kovalevskaya, Ekaterina"]
[Result "1/2-1/2"]
[WhiteElo "2476"]
[BlackElo "2354"]
[PlyCount "190"]
[EventDate "2022.10.18"]
[EventType "team-swiss (rapid)"]
[EventRounds "9"]
[EventCountry "RUS"]
[SourceTitle "CBM 210 Extra"]
[Source "ChessBase"]
[SourceDate "2022.11.30"]
[SourceVersion "1"]
[SourceVersionDate "2022.11.30"]
[SourceQuality "1"]
[WhiteTeam "Cheliabinsk Yuzhnyy Ural (W)"]
[BlackTeam "Moscow ShSM (W)"]
[WhiteTeamCountry "RUS"]
[BlackTeamCountry "RUS"]

1. d4 Nf6 2. c4 d6 3. Nf3 Nbd7 4. Nc3 e5 5. e4 g6 6. Be2 Bg7 7. 0-0 0-0 8. Re1 exd4 9. Nxd4 Re8 10. Bf1 Nc5 11. f3 c6 12. Be3 a5 13. Qd2 a4 14. Rad1 Nh5 15. Nxc6 bxc6 16. Bxc5 a3 17. b3 Be6 18. Bd4 Bf8 19. Be3 Qa5 20. Na4 Qxd2 21. Rxd2 f5 22. exf5 gxf5 23. Bd4 Bf7 24. Rxe8 Rxe8 25. Re2 Rxe2 26. Bxe2 Nf4 27. Bf1 d5 28. Be3 Ne6 29. Kf2 f4 30. Bb6 Bg6 31. cxd5 cxd5 32. Nc3 d4 33. Nb5 Nc5 34. Bc4+ Kg7 35. Nxd4 Kf6 36. Ke2 Bb1 37. b4 Na4 38. Bd8+ Ke5 39. Bb3 Nc3+ 40. Kd2 Nxa2 41. Nc6+ Kd6 42. b5 Kc5 43. Kd1 Kxb5 44. Nd4+ Kb4 45. Bf6 Nc3+ 46. Kc1 a2 47. Kb2 Na4+ 48. Ka1 Bc5 49. Bxa2 Bxa2 50. Kxa2 Bxd4 51. Bxd4 Kc4 52. Be5 Nc3+ 53. Kb2 Nd5 54. Kc1 Ne3 55. Kd2 Nxg2 56. Ke2 Kd5 57. Bb8 Ke6 58. Kf2 Nh4 59. Bxf4 Kf5 60. Bg3 Ng6 61. Ke3 Ne7 62. Kd4 Kg6 63. Ke5 Nf5 64. Bf2 Ng7 65. Bg3 Nf5 66. Kd5 Ng7 67. Be5 Nf5 68. Ke4 Nh4 69. Bc7 Nf5 70. Bb6 Nd6+ 71. Kf4 Nf5 72. Kg4 Ng7 73. Bd4 Nf5 74. Bf2 Nh6+ 75. Kf4 Nf5 76. h4 h5 77. Ke5 Ng7 78. Be3 Nf5 79. Bg5 Ng3 80. Bf6 Nf5 81. Ke6 Ne3 82. Bg5 Nf5 83. Kd5 Ng7 84. Ke4 Nf5 85. Bd8 Ng3+ 86. Ke5 Nf5 87. Kd5 Ne3+ 88. Kd4 Nf5+ 89. Kd3 Ng3 90. Ba5 Nf5 91. Be1 Ne7 92. Kd4 Nf5+ 93. Kd5 Ne7+ 94. Ke5 Nf5 95. Bf2 Ng7 1/2-1/2

[Event "RUS-chT Rapid (Women)"]
[Site "Sochi"]
[Date "2022.10.18"]
[Round "2.10"]
[White "Kovalevskaya, Ekaterina"]
[Black "Bogumil, Tatiana"]
[Result "1-0"]
[WhiteElo "2354"]
[BlackElo "2182"]
[PlyCount "59"]
[EventDate "2022.10.18"]
[EventType "team-swiss (rapid)"]
[EventRounds "9"]
[EventCountry "RUS"]
[SourceTitle "CBM 210 Extra"]
[Source "ChessBase"]
[SourceDate "2022.11.30"]
[SourceVersion "1"]
[SourceVersionDate "2022.11.30"]
[SourceQuality "1"]
[WhiteTeam "Moscow ShSM (W)"]
[BlackTeam "Veterany Rossiya (W)"]
[WhiteTeamCountry "RUS"]
[BlackTeamCountry "RUS"]

1. Nf3 Nf6 2. g3 b6 3. Bg2 Bb7 4. 0-0 g6 5. c4 c5 6. Nc3 Bg7 7. d4 0-0 8. d5 d6 9. e4 Nbd7 10. h3 b5 11. cxb5 a6 12. bxa6 Bxa6 13. Re1 Qb8 14. Qc2 Rc8 15. Bf4 Ne8 16. Rab1 Ra7 17. h4 Qb4 18. Bh3 Rb8 19. h5 Nb6 20. hxg6 hxg6 21. a3 Qa5 22. e5 Nc4 23. e6 f5 24. Bxf5 gxf5 25. Qxf5 Nf6 26. Qg6 Qd8 27. Qf7+ Kh8 28. Kg2 Qe8 29. Rh1+ Nh7 30. Rxh7+ 1-0

[Event "RUS-chT Blitz (Women)"]
[Site "Sochi"]
[Date "2022.10.17"]
[Round "4.3"]
[White "Garifullina, Leya"]
[Black "Kovalevskaya, Ekaterina"]
[Result "1-0"]
[WhiteElo "2367"]
[BlackElo "2354"]
[PlyCount "125"]
[EventDate "2022.10.17"]
[EventType "team-swiss (blitz)"]
[EventRounds "11"]
[EventCountry "RUS"]
[SourceTitle "CBM 210 Extra"]
[Source "ChessBase"]
[SourceDate "2022.11.30"]
[SourceVersion "1"]
[SourceVersionDate "2022.11.30"]
[SourceQuality "1"]
[WhiteTeam "Yugra (W)"]
[BlackTeam "Moscow ShSM (W)"]
[WhiteTeamCountry "RUS"]
[BlackTeamCountry "RUS"]

1. e4 c5 2. Nf3 Nc6 3. Bb5 d6 4. 0-0 Bd7 5. Re1 Nf6 6. c3 a6 7. Bf1 Bg4 8. h3 Bxf3 9. Qxf3 g6 10. d3 Bg7 11. Be3 0-0 12. Nd2 b5 13. Qd1 Nd7 14. Nf3 b4 15. d4 bxc3 16. bxc3 Qa5 17. Qd3 Rfc8 18. Nd2 cxd4 19. cxd4 Nb4 20. Qe2 Nc2 21. Nc4 Rxc4 22. Qxc4 Nxe1 23. Qe2 Nxg2 24. Bxg2 Rc8 25. Rd1 Qb5 26. Qg4 h5 27. Qh4 Bf6 28. Qg3 Qe2 29. Bf3 Qxa2 30. Bxh5 Nf8 31. Bg4 Rb8 32. e5 Bg7 33. exd6 exd6 34. Qxd6 Rb1 35. Rxb1 Qxb1+ 36. Kg2 a5 37. Bf3 Qf5 38. Qc6 Qd7 39. Qc5 a4 40. Bc6 Qc7 41. Bxa4 Qb7+ 42. Bc6 Qc8 43. Bd5 Qf5 44. Qc4 Ne6 45. Bxe6 fxe6 46. Qc6 Kh7 47. Qf3 Qb5 48. Qe4 Qd7 49. h4 Qf7 50. h5 Qf5 51. Qxf5 gxf5 52. Kf3 Bf6 53. Ke2 Kg7 54. Kd3 Bh4 55. f3 Kf6 56. Bf4 Bg5 57. Be5+ Kf7 58. Kc4 Be7 59. Kb5 Bg5 60. Kc6 Be3 61. Kd7 Bd2 62. f4 Bb4 63. h6 1-0

[Event "RUS-chT Blitz (Women)"]
[Site "Sochi"]
[Date "2022.10.17"]
[Round "7.11"]
[White "Getman, Tatyana"]
[Black "Kovalevskaya, Ekaterina"]
[Result "1-0"]
[WhiteElo "2119"]
[BlackElo "2354"]
[PlyCount "77"]
[EventDate "2022.10.17"]
[EventType "team-swiss (blitz)"]
[EventRounds "11"]
[EventCountry "RUS"]
[SourceTitle "CBM 210 Extra"]
[Source "ChessBase"]
[SourceDate "2022.11.30"]
[SourceVersion "1"]
[SourceVersionDate "2022.11.30"]
[SourceQuality "1"]
[WhiteTeam "St Petersburg SShOR (W)"]
[BlackTeam "Moscow ShSM (W)"]
[WhiteTeamCountry "RUS"]
[BlackTeamCountry "RUS"]

1. d4 Nf6 2. c4 d6 3. Nf3 Nbd7 4. Nc3 e5 5. e4 Be7 6. Be2 0-0 7. 0-0 c6 8. d5 c5 9. a3 Ne8 10. Ne1 Bg5 11. Nd3 Bxc1 12. Qxc1 g6 13. b4 b6 14. f4 exf4 15. Qxf4 Qe7 16. bxc5 Nxc5 17. Nxc5 bxc5 18. Rab1 f5 19. Bd3 fxe4 20. Qxf8+ Qxf8 21. Rxf8+ Kxf8 22. Nxe4 Bf5 23. Rb7 Bxe4 24. Bxe4 Nf6 25. Bf3 a5 26. Kf2 Ra6 27. Kg3 Ke8 28. Kf4 Nd7 29. Bg4 Ne5 30. Rxh7 Nxc4 31. Be2 Rb6 32. Bxc4 Rb2 33. g4 Rc2 34. Bd3 Rc3 35. Bxg6+ Kd8 36. h4 Rxa3 37. h5 a4 38. h6 c4 39. Ra7 1-0